[Event "15th Belisce Metalis Open"]
[Site "Bizovac CRO"]
[Date "2008.03.22"]
[Round "3"]
[White "Bender,I"]
[Black "Palac,M"]
[Result "1-0"]
[WhiteElo "2327"]
[BlackElo "2575"]

1.d4 Nf6 2.c4 e6 3.Nc3 Bb4 4.Qc2 O-O 5.a3 Bxc3+ 6.Qxc3 b6 7.Nf3 Bb7 8.e3 c5
9.dxc5 bxc5 10.Be2 Ne4 11.Qc2 f5 12.O-O Rf6 13.Qb3 Qc7 14.Bd2 Nc6 15.Bc3 Rh6
16.g3 Rf8 17.Rad1 d6 18.Qc2 e5 19.b4 Qf7 20.bxc5 Nxc5 21.Nd2 Nd8 22.f4 exf4
23.exf4 Re8 24.Bf3 Bxf3 25.Nxf3 Qxc4 26.Rd4 Re2 27.Qd1 Qa2 28.Bd2 Re4 29.Bb4 Re2
30.Bd2 Re8 31.Bb4 Ne4 32.Bxd6 Ne6 33.Rd3 Nxd6 34.Rxd6 Qxa3 35.Re1 Qc5+ 36.Kh1 Qf2
37.Qe2 Qxe2 38.Rxe2 Nc7 39.Rxe8+ Nxe8 40.Rd8 Kf8 41.Ng5 Rd6 42.Nxh7+ Ke7
43.Ra8 Ra6 44.Ng5 Ra2 45.Nf3 Nc7 46.Rc8 Nd5 47.Nd4 Ne3 48.h4 g6  1-0

[Event "10th Foxwoods Open"]
[Site "Ledyard USA"]
[Date "2008.03.22"]
[Round "7"]
[White "Sarkar,J"]
[Black "Charbonneau,P"]
[Result "1/2-1/2"]
[WhiteElo "2412"]
[BlackElo "2496"]

1.d4 Nf6 2.c4 e6 3.Nc3 Bb4 4.Qc2 O-O 5.e4 d5 6.e5 Ne4 7.Bd3 c5 8.cxd5 exd5
9.Ne2 cxd4 10.Nxd4 f6 11.exf6 Qxf6 12.Be3 Nc6 13.Nxc6 bxc6 14.Rc1 Bf5 15.O-O Bxc3
16.bxc3 Nd6 17.Bc5 Bxd3 18.Qxd3 Rfe8 19.Bxd6 Qxd6 20.c4 d4  1/2-1/2

[Event "SCT Ladies Open"]
[Site "Stockholm SWE"]
[Date "2008.03.22"]
[Round "5"]
[White "Shaidullina,S"]
[Black "Socko,M"]
[Result "1-0"]
[WhiteElo "2306"]
[BlackElo "2479"]

1.d4 Nf6 2.c4 e6 3.Nc3 Bb4 4.Qc2 O-O 5.a3 Bxc3+ 6.Qxc3 d6 7.Bg5 Nbd7 8.e3 b6
9.Bd3 Bb7 10.Ne2 Rc8 11.O-O c5 12.Rac1 cxd4 13.Qxd4 Rc5 14.Bh4 Ne5 15.b4 Nxd3
16.Qxd3 Rh5 17.Bxf6 gxf6 18.Ng3 Rg5 19.f4 Rg6 20.e4 Qe7 21.Rfd1 Rd8 22.c5 d5
23.c6 Bc8 24.b5 Kh8 25.Qc3 Rg4 26.c7 Rd7 27.exd5 Rxf4 28.Nh5 Rf5 29.d6 Rxd6
30.Qg3 Rxd1+ 31.Rxd1 Qc5+ 32.Kh1 Qf8 33.h4 Rd5 34.Rxd5 exd5 35.Qf3 Qe7 36.Qxf6+ Qxf6
37.Nxf6 d4 38.Kg1 a6 39.a4 axb5 40.axb5 Kg7 41.Ne8+ Kg6 42.Nd6 Bd7 43.c8=Q Bxc8
44.Nxc8 Kf5 45.Kf2 Ke4 46.Nxb6 Kd3 47.Nd5 Kc4 48.b6  1-0

[Event "ch-TUR"]
[Site "Ankara TUR"]
[Date "2008.03.27"]
[Round "5"]
[White "Buker,M"]
[Black "Atalik,S"]
[Result "0-1"]
[WhiteElo "2166"]
[BlackElo "2597"]

1.d4 Nf6 2.c4 e6 3.Nc3 Bb4 4.Qc2 O-O 5.a3 Bxc3+ 6.Qxc3 b6 7.f3 d5 8.Bg5 dxc4
9.Qxc4 Ba6 10.Qa4 h6 11.Bxf6 Qxf6 12.e4 Bxf1 13.Kxf1 c5 14.Rd1 Rd8 15.Ne2 cxd4
16.Rxd4 Na6 17.Kf2 Nc5 18.Qd1 Nxe4+ 19.Ke3 Nd6 20.Kf2 Nf5 21.Rxd8+ Rxd8 22.Qc1 Rd3
23.Rd1 Qh4+ 24.Kg1 Nd4 25.Ng3 Nxf3+  0-1

[Event "TCh-ISR"]
[Site "Israel ISR"]
[Date "2008.03.28"]
[Round "4"]
[White "Golod,V"]
[Black "Botvinnik,Il"]
[Result "1/2-1/2"]
[WhiteElo "2606"]
[BlackElo "2368"]

1.d4 e6 2.c4 Nf6 3.Nc3 Bb4 4.Qc2 O-O 5.a3 Bxc3+ 6.Qxc3 d6 7.f3 c5 8.dxc5 dxc5
9.Nh3 Nc6 10.Nf2 e5 11.e3 e4 12.f4 Ng4 13.h3 Nxf2 14.Kxf2 f5 15.b4 Be6 16.Bb2 Qe7
17.b5 Nb8 18.Be2 Nd7 19.Rhd1 Rfd8 20.a4 Nf6 21.Qe5 Kf8 22.a5 Nd7 23.Qc3 Nf6
24.Ke1 Qc7 25.Qa3 Kf7 26.Be5 Qe7 27.g3 Rd7 28.Rxd7 Nxd7 29.Bb2 Nf6 30.Rd1 Ke8
31.Be5 Rd8 32.Rxd8+ Kxd8 33.Bb8 a6 34.Qb2 Nd7 35.bxa6 bxa6 36.Qb7 Nxb8 37.Qxb8+ Bc8
38.Qb2 Qf6 39.Qxf6+ gxf6 40.g4 Ke7 41.g5 Be6 42.h4 Kf7 43.h5 h6 44.g6+ Kf8
45.Kd2 Bd7 46.Bd1 Kg7 47.Kc3 Kf8 48.Kb2 Kg7  1/2-1/2

[Event "Sozina Open"]
[Site "Bar MNE"]
[Date "2008.03.30"]
[Round "3"]
[White "Drasko,M"]
[Black "Brajovic,R"]
[Result "1-0"]
[WhiteElo "2540"]
[BlackElo "2243"]

1.d4 Nf6 2.c4 e6 3.Nc3 Bb4 4.Qc2 O-O 5.a3 Bxc3+ 6.Qxc3 b6 7.Bg5 h6 8.Bh4 Bb7
9.f3 c5 10.dxc5 bxc5 11.e3 d6 12.Nh3 Nbd7 13.Be2 Qb6 14.O-O a5 15.Rfd1 d5
16.cxd5 exd5 17.Rac1 Rac8 18.Bf2 Rfe8 19.Bd3 Bc6 20.Bf5 Rb8 21.Rd2 Ba8 22.Bxd7 Nxd7
23.Nf4 Nf6 24.Qxc5 Qa6 25.Qd4 Rb5 26.Rc7 Rb7 27.Rdc2 Rxc7 28.Rxc7 Qb5 29.Bh4 Qb8
30.Rc1 Nh7 31.Nh5 f6 32.Bg3 Qb5 33.Rc7 Qe2 34.Rxg7+ Kh8 35.Rxh7+  1-0

[Event "Sozina Open"]
[Site "Bar MNE"]
[Date "2008.03.30"]
[Round "3"]
[White "Miron,L"]
[Black "Blagojevic,Dr"]
[Result "1/2-1/2"]
[WhiteElo "2408"]
[BlackElo "2532"]

1.d4 Nf6 2.c4 e6 3.Nc3 Bb4 4.Qc2 O-O 5.a3 Bxc3+ 6.Qxc3 b6 7.Bg5 d6 8.e3 Nbd7
9.Qc2 c5 10.Ne2 Ba6 11.Qa4 Qc8 12.Nc3 cxd4 13.exd4 d5 14.cxd5 Bxf1 15.Kxf1 Nxd5
16.Nxd5 exd5 17.Rc1 Qb7 18.f3 Rfc8 19.Kf2 Nf8 20.Rxc8 Rxc8 21.Rc1 Rxc1 22.Bxc1 Qc7  1/2-1/2

[Event "TCh-HUN 2007-8"]
[Site "Budapest HUN"]
[Date "2008.03.30"]
[Round "9"]
[White "Taskovits,I"]
[Black "Balog,M"]
[Result "1/2-1/2"]
[WhiteElo "2336"]
[BlackElo "2288"]

1.d4 Nf6 2.c4 e6 3.Nc3 Bb4 4.Qc2 O-O 5.a3 Bxc3+ 6.Qxc3 b6 7.Bg5 Bb7 8.f3 h6
9.Bh4 d5 10.e3 Nbd7 11.cxd5 Nxd5 12.Bxd8 Nxc3 13.Bh4 Nd5 14.Bf2 c5 15.e4 Ne7
16.Bb5 Bc6 17.Bxc6 Nxc6 18.Ne2 cxd4 19.Nxd4 Nxd4 20.Bxd4 Rac8 21.O-O Rfd8
22.Rac1 f6 23.Rfd1 Kf7 24.Kf2 Ke7 25.Ke2 Nb8 26.Rxc8 Rxc8 27.Bc3 e5 28.Rd5 Nc6
29.g3 Ke6 30.f4 g6 31.h3 Rd8  1/2-1/2

[Event "Spring Open"]
[Site "Belgrade SCG"]
[Date "2008.04.01"]
[Round "8"]
[White "Rajcevic,S"]
[Black "Jevtic,Mir"]
[Result "1/2-1/2"]
[WhiteElo "2154"]
[BlackElo "2166"]

1.d4 Nf6 2.c4 e6 3.Nc3 Bb4 4.Qc2 O-O 5.a3 Bxc3+ 6.Qxc3 d5 7.Bg5 b6 8.e3 dxc4
9.Bxc4 Bb7 10.Nf3 Nbd7 11.Rd1 Ne4 12.Bxd8 Nxc3 13.bxc3 Bxf3 14.gxf3 Rfxd8
15.Bb5 c5 16.Bxd7 Rxd7 17.dxc5 Rxd1+ 18.Kxd1 bxc5 19.Kc2 Rc8 20.Rb1 g6 21.Rb7 a6
22.Rb6 Ra8 23.Rc6 Kf8 24.Rxc5 Ra7 25.Ra5 Ke7 26.c4 Kd6 27.Kc3 Kc6 28.c5 h5
29.Kc4 Ra8 30.f4 Ra7 31.Kd4 f6 32.Ke4 Ra8 33.Kd4 Rd8+ 34.Kc3 Ra8 35.h4 Ra7
36.Kc4 Ra8 37.Kd4 Rd8+ 38.Kc3 Ra8  1/2-1/2

[Event "Sozina Open"]
[Site "Bar MNE"]
[Date "2008.04.02"]
[Round "6"]
[White "Damjanovic,D"]
[Black "Stanojevic,B"]
[Result "1/2-1/2"]
[WhiteElo "2301"]
[BlackElo "2301"]

1.d4 Nf6 2.c4 e6 3.Nc3 Bb4 4.Qc2 O-O 5.a3 Bxc3+ 6.Qxc3 b6 7.Bg5 d6 8.e3 Nbd7
9.Bd3 h6 10.Bh4 Re8 11.Ne2 Bb7 12.f3 c5 13.b4 e5 14.bxc5 exd4 15.exd4 dxc5
16.d5 Nxd5 17.Bxd8 Nxc3 18.Bh4 Ne5 19.Kd2 Nxd3 20.Nxc3 Nf4 21.Rhg1 g5 22.Bg3 Rad8+
23.Kc2 Rd4 24.Bxf4 gxf4 25.Rge1 Red8 26.Rad1 Ba6 27.Rxd4 Rxd4 28.Re7 Bxc4
29.Rxa7 Bf1 30.g3 fxg3 31.hxg3 Rd3 32.Rb7 Rxf3 33.Rxb6 Rxg3 34.Rxh6 c4 35.a4 Rg2+
36.Kd1 Bd3 37.a5  1/2-1/2

[Event "TCh-ISR"]
[Site "Israel ISR"]
[Date "2008.04.04"]
[Round "6"]
[White "Golod,V"]
[Black "Gershon,A"]
[Result "0-1"]
[WhiteElo "2606"]
[BlackElo "2497"]

1.d4 Nf6 2.c4 e6 3.Nc3 Bb4 4.Qc2 O-O 5.a3 Bxc3+ 6.Qxc3 d6 7.g3 a5 8.b3 Nbd7
9.Bg2 Qe7 10.Nf3 e5 11.dxe5 dxe5 12.O-O Re8 13.Bb2 c6 14.Rad1 h6 15.h3 Qe6
16.Rfe1 b6 17.e4 Ba6 18.Bf1 Nh7 19.Nh4 Nc5 20.Nf5 Ng5 21.f3 f6 22.h4 Nh7
23.Bh3 Kh8 24.Kh2 Qg8 25.Qe3 Qf8 26.a4 Ne6 27.Qxb6 Qc5 28.Qxc5 Nxc5 29.Rd6 Nxb3
30.Red1 Bxc4 31.Rxc6 Bg8 32.Kh1 Red8 33.Nd6 Nf8 34.Rd3 Rab8 35.Ba3 Ne6 36.Bf1 Nbd4
37.Rc1 Nb3 38.Rcc3 Ned4 39.Kg2 Kh7 40.Kf2 Rb4 41.Bxb4 axb4 42.Rxb3 Bxb3 43.Nb7 Rc8
44.a5 Rc2+ 45.Ke3 Bc4 46.Rd1 Rc3+ 47.Bd3 Nb3 48.Nd6 Ba6  0-1

[Event "10th Open"]
[Site "Dubai UAE"]
[Date "2008.04.07"]
[Round "2"]
[White "Nasri,A"]
[Black "Drozdovskij,Y"]
[Result "0-1"]
[WhiteElo "2364"]
[BlackElo "2581"]

1.d4 Nf6 2.c4 e6 3.Nc3 Bb4 4.Qc2 O-O 5.e4 d5 6.e5 Ne4 7.Bd3 c5 8.cxd5 exd5
9.Ne2 cxd4 10.Nxd4 Nd7 11.f4 Qh4+ 12.g3 Qh3 13.Bf1 Qh6 14.Bg2 Qa6 15.Bd2 Nxd2
16.Qxd2 Nc5 17.Qe2 Qc4 18.O-O-O Bxc3 19.Qxc4 dxc4 20.bxc3 Nd3+ 21.Rxd3 cxd3
22.Rd1 Rd8 23.Be4 g6 24.Rxd3 Be6 25.Rd2 Bd5 26.Bd3 Rac8 27.Kb2 Rc5 28.g4 Bc4
29.Bxc4 Rxc4 30.f5 Rc5 31.Re2 Re8 32.e6 fxe6 33.fxe6 h5 34.gxh5 Rxh5 35.Kb3 Kg7
36.c4 a6 37.Kc3 Rh3+ 38.Kb4 Rh4 39.Nb3 b6 40.Kc3 Kf6 41.Nd4 Rh3+ 42.Kb2 Rd3
43.Re4 Rd2+ 44.Kb3 Rxh2 45.a4 g5 46.a5 bxa5 47.Re1 Rh4 48.Rf1+ Rf4 49.Rd1 Ke5
50.Kc3 g4 51.c5 g3 52.Rh1 g2 53.Kb3  0-1

[Event "6th V.Nabokov Mem"]
[Site "Kyiv UKR"]
[Date "2008.04.12"]
[Round "10"]
[White "Shishkin,Va UKR"]
[Black "Soltanici,R"]
[Result "0-1"]
[WhiteElo "2510"]
[BlackElo "2395"]

1.d4 Nf6 2.c4 e6 3.Nc3 Bb4 4.Qc2 O-O 5.a3 Bxc3+ 6.Qxc3 b6 7.Nf3 Bb7 8.e3 d6
9.Be2 Nbd7 10.O-O Ne4 11.Qc2 f5 12.b4 Rf6 13.Bb2 Rh6 14.d5 e5 15.Rad1 Qe7
16.g3 c6 17.Ne1 Rf6 18.f3 Ng5 19.h4 Nf7 20.Ng2 g5 21.f4 gxf4 22.exf4 Nh6
23.c5 dxc5 24.fxe5 Nxe5 25.d6 Rxd6 26.Rde1 Rd4 27.Bxd4 cxd4 28.Bd3 c5 29.Bxf5 Kh8
30.bxc5 bxc5 31.Qc1 Nhf7 32.Bb1 Qd6 33.Qf4 Rg8 34.Ba2 Rg4 35.Qf6+ Qxf6 36.Rxf6 Rxg3
37.Bxf7 Rxg2+ 38.Kf1 Ng4 39.Re8+ Kg7 40.Rf4 Ne3+ 41.Rxe3 dxe3 42.Bc4 Rf2+
43.Rxf2 exf2 44.Kxf2 Kf6 45.Ke3 Ke5 46.Bd3 h6 47.Bc4 Bd5 48.Ba6 Kf5 49.Be2 Ke5
50.Ba6 c4 51.Bc8 Be4 52.Ba6 c3 53.Be2 c2 54.Kd2 Kf4 55.a4 Kg3 56.h5 Bf3 57.Bd3 Bxh5
58.Bxc2 Be8 59.Bd1 Bd7 60.a5 Bg4 61.Bxg4 Kxg4 62.Ke2 Kg3 63.Kf1 a6 64.Kg1 Kf3
65.Kh2 Ke4 66.Kg3 Kd4 67.Kg4 Kc5  0-1

[Event "FSGM April"]
[Site "Budapest HUN"]
[Date "2008.04.13"]
[Round "9"]
[White "Kahn,E"]
[Black "Brunello,S"]
[Result "0-1"]
[WhiteElo "2358"]
[BlackElo "2475"]

1.d4 Nf6 2.c4 e6 3.Nc3 Bb4 4.Qc2 O-O 5.e4 c5 6.a3 Bxc3+ 7.bxc3 d5 8.e5 Ne4
9.Bd3 Nc6 10.f3 Qh4+ 11.g3 Nxg3 12.Qf2 dxc4 13.Be4 Nf5 14.Qxh4 Nxh4 15.Bxc6 bxc6
16.dxc5 Ng6 17.f4 f6 18.exf6 Rxf6 19.Ne2 e5 20.fxe5 Nxe5 21.Be3 Rb8 22.Nd4 Nd3+
23.Kd2 Rb2+ 24.Nc2 Rg6 25.Rhg1 Bf5 26.Rxg6 Bxg6 27.Kd1 Ne5 28.Rc1 Bh5+  0-1

[Event "10th Open"]
[Site "Dubai UAE"]
[Date "2008.04.13"]
[Round "8"]
[White "Nasri,A"]
[Black "Soozankar,A"]
[Result "1/2-1/2"]
[WhiteElo "2364"]
[BlackElo "2221"]

1.d4 Nf6 2.c4 e6 3.Nc3 Bb4 4.Qc2 O-O 5.e4 d5 6.e5 Ne4 7.Bd3 c5 8.cxd5 exd5
9.Ne2 cxd4 10.Nxd4 Nd7 11.f4 Qh4+ 12.g3 Qh3 13.Bf1 Qh6 14.Bg2 Qa6 15.Ne2 b6
16.Be3 Bb7 17.O-O Rac8 18.Rfd1 Bxc3 19.Nxc3 Nxc3 20.bxc3 Qa5 21.Rac1 Rc4
22.Bd4 Ra4 23.Qe2 Re8 24.Rc2 Nf8 25.f5 Bc8 26.g4 Ba6 27.Qe3 Rxa2 28.Rxa2 Qxa2
29.e6 fxe6 30.Qe5 Re7 31.f6 gxf6 32.Qxf6 Ng6 33.h4 Rf7 34.Qd8+ Rf8 35.Qc7 e5
36.Bxe5  1/2-1/2

[Event "10th Open"]
[Site "Dubai UAE"]
[Date "2008.04.14"]
[Round "9"]
[White "Saeed,I"]
[Black "Guliev,L"]
[Result "0-1"]
[WhiteElo "2174"]
[BlackElo "2434"]

1.d4 Nf6 2.c4 e6 3.Nc3 Bb4 4.Qc2 O-O 5.a3 Bxc3+ 6.Qxc3 Ne4 7.Qc2 f5 8.Nf3 b6
9.g3 Bb7 10.Bg2 Nc6 11.O-O Qf6 12.e3 a5 13.b3 d6 14.Bb2 Ne7 15.Rfd1 g5 16.Nd2 Qg6
17.d5 Nxd2 18.Qxd2 e5 19.f4 e4 20.Rf1 g4 21.Kf2 Kf7 22.Rh1 Rg8 23.h3 h5 24.hxg4 Qxg4
25.Rh3 h4 26.Rah1 Rg6 27.Kg1 Rag8 28.R1h2 b5 29.Qe1 bxc4 30.bxc4 Ke8 31.Bd4 Ba6
32.gxh4 Qh5 33.Kh1 Bxc4 34.Qf2 Qd1+ 35.Qg1 Bf1 36.h5 Bxg2+ 37.Rxg2 Qxg1+  0-1

[Event "FSIM April"]
[Site "Budapest HUN"]
[Date "2008.04.15"]
[Round "11"]
[White "Darazs,Z"]
[Black "Werner,Di"]
[Result "1/2-1/2"]
[WhiteElo "2246"]
[BlackElo "2300"]

1.d4 Nf6 2.c4 e6 3.Nc3 Bb4 4.Qc2 O-O 5.Bg5 h6 6.Bh4 b6 7.a3 Bxc3+ 8.Qxc3 Bb7
9.e3 d6 10.Nf3 Nbd7  1/2-1/2

[Event "II Open"]
[Site "La Laguna ESP"]
[Date "2008.04.21"]
[Round "1"]
[White "Herraiz Hidalgo,H"]
[Black "Rodriguez Garcia,Y"]
[Result "1-0"]
[WhiteElo "2494"]
[BlackElo "1708"]

1.d4 Nf6 2.c4 e6 3.Nc3 Bb4 4.Qc2 O-O 5.a3 Be7 6.e4 d6 7.Nf3 b6 8.e5 dxe5
9.dxe5 Nfd7 10.Bd3 f5 11.exf6 Nxf6 12.Bg5 Nbd7 13.Rd1 Qe8 14.Qe2 Qf7 15.Bf4 Bb7
16.Ng5 Qe8 17.Nxe6 Nc5 18.Nxf8 Nxd3+ 19.Rxd3 Qxf8 20.O-O Qf7 21.Bg3 Re8 22.Re3 Bd6
23.Rxe8+ Nxe8 24.Re1 Bc6 25.Nd5 Kf8 26.Bxd6+ Nxd6 27.b3 Bxd5 28.cxd5 Nf5
29.Qe5 Nd6 30.Re3 Qg6 31.Qe7+ Kg8 32.Qd8+  1-0

[Event "26th Metz Open"]
[Site "Metz St Symphorien FRA"]
[Date "2008.04.21"]
[Round "3"]
[White "Sumets,A"]
[Black "Spirin,O"]
[Result "1-0"]
[WhiteElo "2532"]
[BlackElo "2430"]

1.d4 Nf6 2.c4 e6 3.Nc3 Bb4 4.Qc2 O-O 5.a3 Bxc3+ 6.Qxc3 b6 7.Bg5 Bb7 8.e3 d6
9.Ne2 Nbd7 10.Qc2 c5 11.dxc5 bxc5 12.Nc3 Qb6 13.Be2 Rab8 14.O-O Ba8 15.Rab1 a5
16.Rfd1 Rbc8 17.Rd2 d5 18.Rbd1 dxc4 19.Bxc4 Ne5 20.Bf1 Nd5 21.Na4 Qc6 22.e4 Nb6
23.Nxb6 Qxb6 24.Rd6 Rc6 25.Be7 Re8 26.Rd8 Rc8 27.Rxe8+ Rxe8 28.Bxc5 Qc7 29.f3 h6
30.Qf2 Nd7 31.Be3 Rb8 32.Qd2 Nf6 33.Rc1 Qb7 34.a4 Qb3 35.Bb5 Bb7 36.Rc3 Qa2
37.Qc1 e5 38.Rc7 Qb3 39.Bc4 Qxa4 40.b3 Qa2 41.Bxf7+ Kh7 42.Rc2  1-0

[Event "IX EICC"]
[Site "Plovdiv BUL"]
[Date "2008.04.26"]
[Round "6"]
[White "Lysyj,I"]
[Black "Petkov,V"]
[Result "1-0"]
[WhiteElo "2595"]
[BlackElo "2415"]

1.d4 Nf6 2.c4 e6 3.Nc3 Bb4 4.Qc2 O-O 5.a3 Bxc3+ 6.Qxc3 d6 7.Nf3 Nbd7 8.g3 Re8
9.Bg2 e5 10.dxe5 dxe5 11.O-O c5 12.b3 e4 13.Ne1 Ne5 14.Nc2 Nc6 15.Bb2 Bg4
16.Rfe1 Qc8 17.Rad1 Qe6 18.b4 b6 19.b5 Ne7 20.Ne3 Rad8 21.Nxg4 Qxg4 22.f3 Qe6
23.fxe4 Ng6 24.Rxd8 Rxd8 25.e5 Ng4 26.Bd5 Qxe5 27.Bxf7+ Kf8 28.Qxe5 N6xe5
29.Bd5 Re8 30.Rf1+ Nf6 31.e4 Nd7 32.Bc6 Ke7 33.e5 Ng4 34.e6 Kxe6 35.Re1+ Kf7
36.Rd1  1-0

[Event "Open"]
[Site "Halkidiki GRE"]
[Date "2008.04.30"]
[Round "3"]
[White "Miljkovic,Mir1"]
[Black "Ataman,A"]
[Result "1-0"]
[WhiteElo "2418"]
[BlackElo "2231"]

1.d4 Nf6 2.c4 e6 3.Nc3 Bb4 4.Qc2 O-O 5.a3 Bxc3+ 6.Qxc3 b5 7.cxb5 c6 8.Bg5 h6
9.Bxf6 Qxf6 10.g3 cxb5 11.Bg2 Nc6 12.Bxc6 dxc6 13.Nf3 Bb7 14.Rc1 a5 15.O-O b4
16.Qe3 Rfd8 17.Rc5 Rd5 18.Rfc1 Rad8 19.Qe4 Rxc5 20.Rxc5 Rd5 21.axb4 axb4
22.Rxd5 cxd5 23.Qd3 Qe7 24.Qb5 Qc7 25.Ne5 Qc8 26.Qc5 Qd8 27.Qxb4 Ba6 28.Kf1 f6
29.Nc6 Qc7 30.Qc5 Qb7 31.b4 Bb5 32.Na7 Bd7 33.b5 Kh7 34.b6 Qa6 35.Qc2+ f5
36.Qb2 Qb7 37.Qb4 Be8 38.Qd6 f4 39.gxf4 Bg6 40.f3 Bf5 41.Qb4 h5 42.Nc6 Bh3+
43.Kf2 Qxc6 44.b7 Qc1 45.b8=Q Qf1+ 46.Ke3 Qc1+ 47.Qd2 Qg1+ 48.Kd3 Bf5+ 49.Kc3 Qa1+
50.Qbb2 Qa4 51.Qa2 Qb5 52.Qdb2 Qc6+ 53.Kd2 h4 54.Qa7  1-0

[Event "III Tch-ESP Selecciones Autonomicas"]
[Site "Melilla ESP"]
[Date "2008.05.02"]
[Round "5"]
[White "Candela Perez,J"]
[Black "Fluvia Poyatos,Joa"]
[Result "1/2-1/2"]
[WhiteElo "2398"]
[BlackElo "2459"]

1.d4 Nf6 2.c4 e6 3.Nc3 Bb4 4.Qc2 O-O 5.a3 Bxc3+ 6.Qxc3 b6 7.Nf3 Bb7 8.e3 d6
9.Be2 Nbd7 10.O-O c5 11.b4 Rc8 12.Bb2 Ne4 13.Qb3 Qe7 14.bxc5 dxc5 15.a4 Ng5
16.Nxg5 Qxg5 17.f3 cxd4 18.exd4 Ba6 19.f4 Qd8 20.Rac1 Nf6 21.Qh3 Bb7 22.f5 Qd6
23.Bd3 Be4 24.fxe6 Qxe6 25.Qxe6 fxe6 26.Be2  1/2-1/2

[Event "FSIM May"]
[Site "Budapest HUN"]
[Date "2008.05.05"]
[Round "3"]
[White "Kahn,E"]
[Black "Liu Qingnan"]
[Result "0-1"]
[WhiteElo "2358"]
[BlackElo "2344"]

1.d4 Nf6 2.c4 e6 3.Nc3 Bb4 4.Qc2 O-O 5.e4 c5 6.a3 Bxc3+ 7.bxc3 d5 8.e5 Ne4
9.Bd3 Nc6 10.Ne2 cxd4 11.cxd4 Qa5+ 12.Kf1 Nb4 13.axb4 Qxa1 14.f3 f5 15.Qb1 Qa4
16.Bc2 Qa6 17.fxe4 fxe4+ 18.Ke1 Qxc4 19.Qb3 Qb5 20.Bd2 Bd7 21.Bd1 Qb6 22.Rf1 Rxf1+
23.Kxf1 Bb5 24.Qc3 Rf8+ 25.Ke1 Qd8 26.Qh3 Qe7 27.Nf4 g5 28.Ne2 Rf5 29.Ng3 e3
30.Nxf5 exd2+ 31.Kf2 Qf8 32.Qf3 Qxf5 33.Qxf5 exf5 34.Ke3 Kf7 35.g3 b6 36.Kxd2 a5
37.bxa5 bxa5 38.Bc2 f4 39.gxf4 gxf4 40.Bxh7 a4 41.Bf5 a3 42.Kc3 f3 43.Kb3 f2
44.Bh3 f1=Q 45.Bxf1 Bxf1 46.Kxa3 Ke6 47.Kb4 Kf5 48.Kc5 Ke4 49.e6 Bh3 50.Kd6 Bg4
51.e7 Bh5 52.Kd7 Kxd4 53.e8=Q Bxe8+ 54.Kxe8 Ke5 55.Kf7 d4 56.h4 Kf5 57.Kg7 Kg4  0-1

[Event "43rd Capablanca Memorial Open"]
[Site "Havana CUB"]
[Date "2008.05.11"]
[Round "4"]
[White "Vera Gonzalez Quevedo,R"]
[Black "Quesada Perez,Y"]
[Result "1-0"]
[WhiteElo "2497"]
[BlackElo "2311"]

1.d4 Nf6 2.c4 e6 3.Nc3 Bb4 4.Qc2 O-O 5.a3 Bxc3+ 6.Qxc3 b6 7.e3 Bb7 8.Nf3 d6
9.b4 Nbd7 10.Bb2 Qe7 11.Be2 Ne4 12.Qc2 f5 13.O-O Rf6 14.d5 Rg6 15.Nd4 Nf8
16.Bd3 Qg5 17.f4 Qg4 18.Bxe4 fxe4 19.f5 exf5 20.Nxf5 Rg5 21.Rf4 Qh5 22.Raf1 Nd7
23.Qf2 Qe8 24.Nxg7  1-0

[Event "43rd Capablanca Memorial Open"]
[Site "Havana CUB"]
[Date "2008.05.15"]
[Round "8"]
[White "Alvarez Marquez,J"]
[Black "Gonzalez Vidal,Y"]
[Result "1-0"]
[WhiteElo "2413"]
[BlackElo "2477"]

1.d4 Nf6 2.c4 e6 3.Nc3 Bb4 4.Qc2 O-O 5.a3 Bxc3+ 6.Qxc3 b6 7.Bg5 Bb7 8.e3 d6
9.Ne2 Nbd7 10.Qc2 c5 11.Rd1 Qc7 12.Nc3 a6 13.Be2 h6 14.Bh4 Bxg2 15.Rg1 Bb7
16.d5 Rfe8 17.Ne4 Nxe4 18.Qxe4 Ne5 19.Bh5 exd5 20.cxd5 Ng6 21.Qg2 Kh8 22.Bxg6 fxg6
23.Qxg6 Rf8 24.Rd2 Rae8 25.Rg4 Qd7 26.Re4 Rxe4 27.Qxe4 Qf5 28.Qe7 Rf7 29.Qe6 a5
30.Qxf5 Rxf5 31.Bd8 Bxd5 32.Bxb6 a4 33.Bc7 Rg5 34.Bxd6 Bf3 35.Bg3 Kg8 36.h4 Rd5
37.Bd6 h5 38.Rxd5 Bxd5 39.Bxc5 Bb3 40.e4 Kf7 41.Ke2 Ke6 42.Ke3 g6 43.Bd4 Bc4
44.b4 axb3 45.a4 Kd6 46.Kf4 Bd3 47.a5 Ke6 48.Bb2 Kd6 49.Ke3 Ba6 50.Kd4 Bb7
51.f3 Ba6 52.f4 Bc8 53.Kc4 Bb7 54.e5+ Kc6 55.Bd4 Bc8 56.Kxb3 Kb5 57.Bb6 Be6+
58.Kc3 Kc6 59.Kd4 Bc8 60.Bd8 Ba6 61.e6 Bb5 62.Ke5 Bd3 63.Kf6 Kd6 64.e7  1-0

[Event "Mayors Cup Open"]
[Site "Mumbai IND"]
[Date "2008.05.15"]
[Round "7"]
[White "Sujendra,P"]
[Black "Chittal,S"]
[Result "1-0"]
[WhiteElo "2127"]
[BlackElo "1865"]

1.d4 Nf6 2.c4 e6 3.Nc3 Bb4 4.Qc2 O-O 5.Nf3 d5 6.Bg5 c5 7.e3 h6 8.Bh4 Nc6
9.Rd1 cxd4 10.exd4 Be7 11.a3 b6 12.Be2 Bb7 13.O-O Rc8 14.Rfe1 Na5 15.c5 Ne4
16.Bxe7 Qxe7 17.b4 Nc6 18.b5 Na5 19.c6 Bxc6 20.bxc6 Rxc6 21.Rd3 Rfc8 22.Nxd5 exd5
23.Qa2 Rc2 24.Qa1 Qc7 25.g3 Rc1 26.Rxc1 Qxc1+ 27.Rd1 Qxa1 28.Rxa1 f6 29.Nh4 Nb3
30.Bg4 Rc6 31.Rd1 Kf7 32.Bh5+ Ke7 33.Nf5+ Kf8 34.Re1 Re6 35.Re3 Nbd2 36.h4 Nc4
37.Re1 a5 38.a4 Nc5 39.Ra1 Nd3 40.Bf3 Nb4 41.Rc1 Rc6 42.Re1 Rc7 43.Bh5 Rc8
44.Re7 Nc6 45.Rf7+ Kg8 46.Rxg7+ Kh8 47.Bg6 Rb8 48.Rc7 Nd8 49.Nxh6 Rb7 50.Nf7+ Kg7
51.Nxd8+ Rxc7 52.Ne6+ Kxg6 53.Nxc7 Nb2 54.Nxd5 Nxa4 55.g4 b5 56.Kf1 b4 57.Ke2 b3
58.Kd2 Nb2 59.Ne3 Na4 60.Nc4 f5 61.f3 fxg4 62.fxg4 b2 63.Kc2 b1=Q+ 64.Kxb1 Nc3+
65.Kc2 Nd5 66.Kd3 a4 67.Ke4 Nb6 68.Na3 Nd7 69.g5 Nf8 70.d5 Nd7 71.d6 Nc5+
72.Kd5 Nd7 73.Ke6 Nc5+ 74.Ke7 Kh5 75.d7 Nxd7 76.Kxd7 Kg6 77.Kc6  1-0

[Event "Kaupthing Open"]
[Site "Differdange LUX"]
[Date "2008.05.16"]
[Round "8"]
[White "Wirig,A"]
[Black "Berend,F"]
[Result "1-0"]
[WhiteElo "2477"]
[BlackElo "2350"]

1.d4 Nf6 2.c4 e6 3.Nc3 Bb4 4.Qc2 O-O 5.e4 c5 6.e5 cxd4 7.a3 dxc3 8.axb4 Ng4
9.Qxc3 f6 10.exf6 Nxf6 11.Nf3 b6 12.Be2 Nc6 13.O-O Bb7 14.b5 Ne7 15.Ne5 d6
16.Bf3 Qc7 17.Bxb7 Qxb7 18.Nf3 Ne4 19.Qd3 Nf5 20.Be3 Rad8 21.Nd4 Nc5 22.Qe2 Qe4
23.Nxf5 exf5 24.Rxa7 d5 25.cxd5 Rxd5 26.Qe1 f4 27.Bxc5 Qxe1 28.Rxe1 Rxc5
29.h4 Kh8 30.Rf7 Rb8 31.Rxf4 Rxb5 32.b4 h6 33.Re7 Kh7 34.g3 h5 35.Kg2 Rc8
36.Rff7 Rg8 37.Re4 Rc8 38.Re6 Rc2 39.Rd6 Rb2 40.Rd4 Re5 41.Rfd7 Re6 42.R7d5 Kg6
43.Rg5+ Kh6  1-0

[Event "TCh-HUN 2007-8"]
[Site "Budapest HUN"]
[Date "2008.05.18"]
[Round "11"]
[White "Ignacz,R"]
[Black "Nemeth,D"]
[Result "0-1"]
[WhiteElo "2079"]
[BlackElo "2007"]

1.d4 Nf6 2.c4 e6 3.Nc3 Bb4 4.Qc2 O-O 5.a3 Bxc3+ 6.Qxc3 b5 7.cxb5 c6 8.e3 cxb5
9.Nf3 a6 10.Bd3 Bb7 11.Qc2 d6 12.e4 e5 13.O-O Nbd7 14.b4 Rc8 15.Qb1 exd4
16.Nxd4 d5 17.exd5 Ne5 18.Bb2 Nc4 19.Bxc4 bxc4 20.Nc6 Bxc6 21.dxc6 Rxc6 22.Bc3 Nd5
23.Qc1 Qh4 24.Bd2 Re8 25.Re1 Rxe1+ 26.Qxe1 Re6 27.Qf1 c3 28.Rc1 Qd4 29.Qd1 h6
30.Be1 Qc4 31.g3 Nf4 32.gxf4 Rg6+  0-1

[Event "ch-LTU"]
[Site "Kaunas LTU"]
[Date "2008.05.18"]
[Round "2"]
[White "Vaznonis,V"]
[Black "Zagorskis,D"]
[Result "1/2-1/2"]
[WhiteElo "2417"]
[BlackElo "2493"]

1.d4 Nf6 2.c4 e6 3.Nc3 Bb4 4.Qc2 O-O 5.a3 Bxc3+ 6.Qxc3 b6 7.Bg5 Bb7 8.f3 d6
9.e3 Nbd7 10.Nh3 c5 11.dxc5 bxc5 12.Be2 a5 13.Rd1 Qb6 14.O-O d5 15.Bh4 Bc6
16.Bf2 Rfb8 17.Rd2 Rb7 18.Nf4 Rab8 19.Rc1 Qa7 20.cxd5 exd5 21.Bd1 Qa8 22.Nd3 c4
23.Ne5 Nxe5 24.Qxe5 Re8 25.Qd4 a4 26.Re2 Nd7 27.Be1 Ne5 28.Bc3 f6 29.Bc2 Rbe7
30.Bb4 Rf7 31.f4 Ng6 32.Rce1 f5  1/2-1/2

[Event "Mayors Cup Open"]
[Site "Mumbai IND"]
[Date "2008.05.18"]
[Round "10"]
[White "Vaidya,C"]
[Black "Ramaswamy,A"]
[Result "1-0"]
[WhiteElo "2129"]
[BlackElo "2298"]

1.d4 Nf6 2.c4 e6 3.Nc3 Bb4 4.Qc2 O-O 5.a3 Bxc3+ 6.Qxc3 b6 7.Bg5 Bb7 8.e3 d6
9.Qc2 Nbd7 10.Rd1 h6 11.Bh4 Qe7 12.Ne2 Rac8 13.Nc3 a6 14.f3 d5 15.cxd5 exd5
16.Bf2 c5 17.Be2 c4 18.O-O b5 19.Rde1 Bc6 20.Bd1 Rfe8 21.Qf5 Nb6 22.Bh4 g5
23.Bxg5 hxg5 24.Qxg5+ Kh8 25.Qh6+ Nh7 26.Bc2 f6 27.f4 Qg7 28.Qh4 Rg8 29.Re2 Rcf8
30.h3 f5 31.g4 Qf6 32.g5 Qe7 33.Rf3 Be8 34.Rg2 a5 35.Ne2 b4 36.axb4 axb4
37.Ng3 Bg6 38.Qh6 Qg7 39.Qxg7+ Rxg7 40.h4 Ra7 41.h5 Ra1+ 42.Rf1 Rxf1+ 43.Kxf1 b3
44.hxg6 bxc2 45.Rxc2 Nxg5 46.fxg5 Kg7 47.Nh5+ Kxg6 48.Nf4+ Kf7 49.Rh2 Rg8
50.Rh7+ Ke8 51.Rb7 Nd7 52.g6 Kd8 53.Ra7 Nf6 54.g7 Ke8 55.Ne6 Nd7 56.Nc7+ Kf7
57.Nxd5  1-0

[Event "TCh-CHN Torch Real Estate Cup"]
[Site "Jiangsu Wuxi CHN"]
[Date "2008.05.19"]
[Round "7"]
[White "Huang Qian"]
[Black "Xu Yuhua"]
[Result "1-0"]
[WhiteElo "2438"]
[BlackElo "2500"]

1.d4 e6 2.c4 Nf6 3.Nc3 Bb4 4.Qc2 O-O 5.a3 Bxc3+ 6.Qxc3 d6 7.Bg5 Nbd7 8.c5 h6
9.Bh4 dxc5 10.dxc5 Qe7 11.Rc1 e5 12.e3 Re8 13.Nf3 Nf8 14.Qc2 Ng6 15.Bxf6 Qxf6
16.Bd3 Nh4 17.Nxh4 Qxh4 18.Be4 c6 19.O-O Be6 20.Rfd1 Red8 21.Rd6 Qg5 22.Rcd1 Bg4
23.R1d2 Rxd6 24.cxd6 Rd8 25.g3 a6 26.b4 f5 27.Bg2 Qf6 28.h3 Bh5 29.Qc5 Bf7
30.d7 e4 31.Qb6 Bd5 32.Qxb7 Qf7 33.Qxa6 Rxd7 34.b5 Kh7 35.bxc6 Bxc6 36.Rxd7 Qxd7
37.Bf1 Ba4 38.Qc4 Kg6 39.Be2 Kf6 40.Qc3+ Kg6 41.Qe5 Bc2 42.Bc4 Qd1+ 43.Kh2 Qf3
44.Qe8+ Kg5 45.h4+  1-0